000 00714nam a2200289Ia 4500
005 20260324142508.0
008 008 260324s9999 xx 000 0 eng d
020 _a9781315048642
037 _aEBOOK
040 _aCRL
040 _beng
040 _cCRL
041 _2eng
041 _aeng
084 _qCRL
100 _aOrly Leah Krasner
_91212152
245 0 _aLater Operetta 2
245 4 _bthe Highwayman, Music by Reginald DeKoven, Libretto by Harry B. Smith, 1897
260 _bTaylor and Francis
260 _c1994
365 _a
365 _b150
856 _uhttp://www.taylorfrancis.com/books/9781315048642
942 _cEBOOK
999 _c1816419
_d1816419